La cultura moderna en América Latina

Đã lưu trong:
Chi tiết về thư mục
Tác giả chính: Franco, Jean (Tác giả)
Định dạng: Sách
Ngôn ngữ:Tiếng Tây Ban Nha
Được phát hành: Ciudad de México Joaquín Mortiz 1971
Những chủ đề:
Các nhãn: Thêm thẻ
Không có thẻ, Là người đầu tiên thẻ bản ghi này!

MARC

LEADER 00000cam a2200000 a 4500
001 UCP4348
003 CL-VaPUC
008 990724e19710000MX |||||||||||||||||spa|d
082 0 4 |a 306.098  |b FRA  |2 21 
100 0 |a Franco, Jean  |e author  |9 431811 
245 1 3 |a La cultura moderna en América Latina 
300 |a 358 p 
942 |c BK 
945 |d 19990724 00:00:00  |a crobeson 
260 |a Ciudad de México  |b Joaquín Mortiz  |c 1971 
650 0 |a Cultura  |9 269059 
650 0 |a Civilización   |9 255823 
650 0 |a Sociedad  |9 307903 
650 0 |a Filosofía   |9 223554 
650 0 |a Literatura  |9 259151 
651 0 |a América Latina   |9 255027 
583 |a last modification  |c 20130326 02:36:43  |k Rodrigo Vera 
999 |c 282332  |d 282330 
952 |0 0  |1 0  |4 0  |6 306_098000000000000_FRA_1971  |7 0  |8 A  |9 323984  |a BIBHIS  |b BIBHIS  |d 2019-11-20  |i 1353969  |o 306.098 FRA 1971  |p 1353969  |r 2025-01-20  |w 2019-11-20  |y BK  |k HIS 
952 |0 0  |1 0  |4 0  |6 306_098000000000000_FRA_1971  |7 0  |8 A  |9 323985  |a BIBHIS  |b BIBHIS  |d 2019-11-20  |i 4382889  |l 1  |o 306.098 FRA 1971  |p 4382889  |r 2025-01-20  |s 2022-07-18  |w 2019-11-20  |y BK  |k HIS 
952 |0 0  |1 0  |4 0  |6 306_098000000000000_FRA_1971  |7 0  |8 A  |9 323986  |a BIBHIS  |b BIBHIS  |d 2019-11-20  |i 4957261  |o 306.098 FRA 1971  |p 4957261  |r 2025-01-20  |w 2019-11-20  |y BK  |k HIS